[Event "Hamar CC-ch A"]
[Site "Hamar"]
[Date "2012.05.03"]
[Round "9"]
[White "Pilo, Lars"]
[Black "Woldstad, Trym"]
[Result "1-0"]
[WhiteElo "1949"]
[BlackElo "1439"]
[PlyCount "53"]
[EventDate "2012.01.05"]
[EventType "swiss"]
[EventRounds "9"]
[EventCountry "NOR"]
[SourceTitle "EXT 2024"]
[Source "ChessBase"]
[SourceDate "2023.10.10"]
[SourceVersion "1"]
[SourceVersionDate "2023.10.10"]
[SourceQuality "1"]

1. d4 Nf6 2. c4 e6 3. Nc3 d5 4. Bg5 Be7 5. e3 0-0 6. Nf3 Nbd7 7. Bd3 b6 8. 0-0 Ba6 9. b3 Rc8 10. Re1 Re8 11. cxd5 Nxd5 12. Bxe7 Qxe7 13. Nxd5 exd5 14. Bxa6 Rb8 15. Bb5 Rf8 16. Bxd7 Qxd7 17. Rc1 Rbc8 18. Ne5 Qd6 19. Rc6 Qe7 20. Qc2 Rfd8 21. Rc1 f6 22. Nd3 Rd7 23. Nf4 Qe4 24. Qxe4 dxe4 25. Ne6 Kf7 26. Nxc7 Rdd8 27. Ne6 1-0

[Event "Hamar CC-ch"]
[Site "Hamar"]
[Date "2011.02.17"]
[Round "4"]
[White "Haukenes, Alise"]
[Black "Woldstad, Trym"]
[Result "1/2-1/2"]
[WhiteElo "1469"]
[BlackElo "1381"]
[PlyCount "31"]
[EventDate "2011.01.06"]
[EventType "swiss"]
[EventRounds "9"]
[EventCountry "NOR"]
[SourceTitle "EXT 2024"]
[Source "ChessBase"]
[SourceDate "2023.10.10"]
[SourceVersion "1"]
[SourceVersionDate "2023.10.10"]
[SourceQuality "1"]

1. d4 Nf6 2. Nf3 e6 3. Bf4 d5 4. e3 Be7 5. Bd3 0-0 6. Nbd2 Nbd7 7. Ne5 c5 8. c3 b6 9. Nc6 Qe8 10. Nxe7+ Qxe7 11. Qf3 Bb7 12. Be2 Rac8 13. Qg3 Rfe8 14. Bh6 Qf8 15. Bf4 Qe7 16. Bh6 1/2-1/2

[Event "Hamar CC-ch"]
[Site "Hamar"]
[Date "2011.01.20"]
[Round "2"]
[White "Woldstad, Trym"]
[Black "Ormasen, Odd Steinar"]
[Result "0-1"]
[WhiteElo "1381"]
[BlackElo "1625"]
[PlyCount "62"]
[EventDate "2011.01.06"]
[EventType "swiss"]
[EventRounds "9"]
[EventCountry "NOR"]
[SourceTitle "EXT 2024"]
[Source "ChessBase"]
[SourceDate "2023.10.10"]
[SourceVersion "1"]
[SourceVersionDate "2023.10.10"]
[SourceQuality "1"]

1. d4 Nf6 2. c4 g6 3. Nf3 Bg7 4. Nc3 0-0 5. Bg5 h6 6. Bh4 c5 7. d5 d6 8. e3 a6 9. Bd3 e6 10. 0-0 exd5 11. cxd5 Nbd7 12. a4 Qc7 13. Qe2 Re8 14. Rac1 Rb8 15. Rfd1 Nh5 16. Ne4 f5 17. Ng3 Nf4 18. Qd2 Nxd3 19. Qxd3 Bxb2 20. Rc2 Ne5 21. Nxe5 Bxe5 22. Ne2 Bd7 23. Qc4 b5 24. axb5 axb5 25. Qd3 b4 26. Nf4 b3 27. Rcc1 b2 28. Nxg6 bxc1Q 29. Rxc1 c4 30. Qe2 c3 31. Qh5 Bg7 0-1

[Event "Hamar op A"]
[Site "Hamar"]
[Date "2010.10.21"]
[Round "4"]
[White "Haukenes, Alise"]
[Black "Woldstad, Trym"]
[Result "1/2-1/2"]
[WhiteElo "1392"]
[BlackElo "1333"]
[PlyCount "60"]
[EventDate "2010.09.09"]
[EventType "swiss"]
[EventRounds "7"]
[EventCountry "NOR"]
[SourceTitle "EXT 2024"]
[Source "ChessBase"]
[SourceDate "2023.10.10"]
[SourceVersion "1"]
[SourceVersionDate "2023.10.10"]
[SourceQuality "1"]

1. d4 Nf6 2. Nf3 e6 3. Bf4 d5 4. e3 Be7 5. Bd3 0-0 6. Nbd2 Nbd7 7. Ne5 Re8 8. Ndf3 c6 9. c3 Nb6 10. Qc2 h6 11. g4 Nc4 12. g5 Nxe5 13. Bxe5 Ne4 14. gxh6 f6 15. h7+ Kxh7 16. Bxe4+ dxe4 17. Qxe4+ Kg8 18. Bf4 Qd5 19. Qxd5 exd5 20. 0-0-0 Bg4 21. Nd2 Bxd1 22. Kxd1 Rad8 23. h4 Bd6 24. Bxd6 Rxd6 25. Rg1 Kf7 26. Nf1 Rh8 27. Ng3 Re6 28. h5 Rh7 29. Nf5 Kf8 30. b3 Kf7 1/2-1/2

[Event "Hamar op A"]
[Site "Hamar"]
[Date "2010.09.09"]
[Round "2"]
[White "Woldstad, Trym"]
[Black "Rodvik, Trym Daniel"]
[Result "0-1"]
[WhiteElo "1333"]
[BlackElo "1675"]
[PlyCount "86"]
[EventDate "2010.09.09"]
[EventType "swiss"]
[EventRounds "7"]
[EventCountry "NOR"]
[SourceTitle "EXT 2024"]
[Source "ChessBase"]
[SourceDate "2023.10.10"]
[SourceVersion "1"]
[SourceVersionDate "2023.10.10"]
[SourceQuality "1"]

1. d4 e6 2. Nf3 Nf6 3. Bg5 Be7 4. c4 h6 5. Bh4 b6 6. Nc3 Bb7 7. e3 d5 8. Rc1 0-0 9. Bd3 dxc4 10. Bxc4 Ne4 11. Bxe7 Qxe7 12. 0-0 Rd8 13. Qc2 Ng5 14. Ne5 c5 15. f4 cxd4 16. fxg5 dxc3 17. Rxf7 Qxg5 18. Rxb7 Qxe3+ 19. Kh1 Qxe5 20. Qxc3 Qxc3 21. Bxe6+ Kh8 22. bxc3 Nc6 23. Rc7 Rd6 24. Bc4 Ne5 25. Bb3 a5 26. Re1 a4 27. Bc2 Rd2 28. Be4 Rad8 29. h3 Nd3 30. Bxd3 R8xd3 31. Rb1 Rg3 32. Rxb6 Rxa2 33. c4 Rgxg2 34. c5 Rh2+ 35. Kg1 Rag2+ 36. Kf1 a3 37. c6 a2 38. Ra6 Rc2 39. Kg1 Rhd2 40. Rf7 Rxc6 41. Rxc6 a1Q+ 42. Rf1 Qd4+ 43. Kh1 Qe4+ 0-1

[Event "Hamar CC-ch"]
[Site "Hamar"]
[Date "2009.05.07"]
[Round "9"]
[White "Brobakken, Geir"]
[Black "Woldstad, Trym"]
[Result "1-0"]
[WhiteElo "1681"]
[BlackElo "1145"]
[PlyCount "55"]
[EventDate "2009.01.08"]
[EventType "swiss"]
[EventRounds "9"]
[EventCountry "NOR"]
[SourceTitle "EXT 2024"]
[Source "ChessBase"]
[SourceDate "2023.10.10"]
[SourceVersion "1"]
[SourceVersionDate "2023.10.10"]
[SourceQuality "1"]

1. e4 c5 2. Nc3 Nc6 3. g3 d6 4. Bg2 Nf6 5. d3 g6 6. Nge2 Bg7 7. 0-0 0-0 8. h3 Bd7 9. Be3 a6 10. Qd2 b5 11. Bh6 b4 12. Nd1 Qc8 13. Bxg7 Kxg7 14. Kh2 Ne5 15. f4 Nc6 16. Ne3 Nd4 17. c3 Nc6 18. g4 a5 19. Ng3 a4 20. g5 Ng8 21. f5 h5 22. Nd5 Rb8 23. f6+ Kh7 24. fxe7 Ncxe7 25. Nf6+ Nxf6 26. gxf6 Ng8 27. Nxh5 gxh5 28. Qg5 1-0